| Tag |
First Indicator |
Second Indicator |
Subfields |
| LEADER |
00000cam a2200000 a 4500 |
| 001 |
in00000990478 |
| 005 |
20150927154414.0 |
| 008 |
821101s1934 enk 00011 eng |
| 010 |
|
|
|a 82145879
|
| 035 |
|
|
|a (OCoLC)00942873
|
| 035 |
|
|
|9 AEY1538AM
|
| 040 |
|
|
|a DLC
|c DLC
|d m/c
|d TXA
|d UtOrBLW
|
| 049 |
|
|
|a TXAS [wode]
|
| 050 |
0 |
0 |
|a PR6045.O53
|b T42 1934b
|
| 082 |
0 |
|
|a 823/.912
|2 19
|
| 100 |
1 |
|
|a Wodehouse, P. G.
|q (Pelham Grenville),
|d 1881-1975.
|
| 245 |
1 |
0 |
|a Thank you, Jeeves /
|c by P.G. Wodehouse.
|
| 264 |
|
1 |
|a London :
|b H. Jenkins,
|c [1934]
|
| 300 |
|
|
|a 312 pages ;
|c 19 cm.
|
| 336 |
|
|
|a text
|b txt
|2 rdacontent
|
| 337 |
|
|
|a unmediated
|b n
|2 rdamedia
|
| 338 |
|
|
|a volume
|b nc
|2 rdacarrier
|
| 999 |
|
|
|a MARS
|
| 999 |
f |
f |
|s 8c376363-eb93-32f0-88db-84b64f5570e1
|i 19a8a244-61dc-3904-b42d-1fd87b14b836
|t 0
|
| 952 |
f |
f |
|p noncirc
|a Texas A&M University
|b College Station
|c Cushing Memorial Library & Archives
|d Cushing: Literature/Wodehouse (Does not check out)
|t 0
|e PR6045.O53 T42 1934b
|h Library of Congress classification
|i unmediated -- volume
|
| 998 |
f |
f |
|a PR6045.O53 T42 1934b
|t 0
|l Cushing: Literature/Wodehouse (Does not check out)
|